LEADER 02045nam0-22005531i-450- 001 990001668720403321 005 20111104112929.0 035 $a000166872 035 $aFED01000166872 035 $a(Aleph)000166872FED01 035 $a000166872 100 $a20030910g18041809km-y0itay50------ba 101 0 $aita 102 $aIT 140 $aa---a---cba------zzybb0000-- 141 $adfgd0bb-$5ITNA0274------------------------------------------------------------------- 200 1 $aBiblioteca di campagna ossia Raccolta di memorie, osservazioni ed esperienze agrarie compilata da Gio. Batista Gagliardo.. 210 $aNapoli$cdalla Tipografia Coda$d1804-1809 215 $a20 v. in 10$cill.$d20 cm 312 $aTit. dell'occhietto: Biblioteca di campagna 517 1 $aBiblioteca di campagna 517 1 $aRaccolta di memorie, osservazioni ed esperienze agrarie 610 0 $aAgricoltura$aStoria 700 1$aGagliardo,$bGiovanni Battista$071875 801 0$aIT$bUNINA$gRICA$2UNIMARC 901 $aAQ 912 $a990001668720403321 952 $a60 094.3 C 43$b1042$fFAGBC 952 $a60 094.3 C 43$b1043$fFAGBC 952 $a60 094.3 C 43$b1044$fFAGBC 952 $a60 094.3 C 43$b1045$fFAGBC 952 $a60 094.3 C 43$b1046$fFAGBC 952 $a60 094.3 C 43$b1047$fFAGBC 952 $a60 094.3 C 43$b1048$fFAGBC 952 $a60 094.3 C 43$b1049$fFAGBC 952 $a60 094.3 C 43$b1050$fFAGBC 952 $a60 AGR01 C 2$b01365$fFAGBC 952 $a60 AGR01 C 2$b01366$fFAGBC 952 $a60 AGR01 C 2$b01367$fFAGBC 952 $a60 AGR01 C 2$b01368$fFAGBC 952 $a60 AGR01 C 2$b01369$fFAGBC 952 $a60 AGR01 C 2$b01370$fFAGBC 952 $a60 AGR01 C 2$b01371$fFAGBC 952 $a60 AGR01 C 2$b01372$fFAGBC 952 $a60 AGR01 C 2$b01373$fFAGBC 952 $a60 AGR01 C 2$b01374$fFAGBC 959 $aFAGBC 996 $aBiblioteca di campagna ossia Raccolta di memorie, osservazioni ed esperienze agrarie compilata da Gio. Batista Gagliardo.$9370066 997 $aUNINA LEADER 01654nas 2200469-a 450 001 996211254703316 005 20240413012152.0 035 $a(CKB)954921409316 035 $a(CONSER)---91642075- 035 $a(EXLCZ)99954921409316 100 $a19871201a19879999 --- a 101 0 $aeng 181 $ctxt$2rdacontent 182 $cc$2rdamedia 183 $acr$2rdacarrier 200 00$aGlobal finance 210 $aNew York, N.Y. $cGlobal Information, Inc.$d©1987- 215 $a1 online resource 300 $aTitle from cover. 300 $aIssues for published by: Global Finance Joint Venture. 311 08$aPrint version: Global finance. 0896-4181 (DLC) 91642075 (OCoLC)17155354 531 0 $aGlob. finance 606 $aInternational business enterprises$xFinance 606 $aInternational finance$vPeriodicals 606 $aEntreprises multinationales$xFinances$vPériodiques 606 $aFinances internationales$vPériodiques 606 $aInternational business enterprises$xFinance$2fast$3(OCoLC)fst00976799 606 $aInternational finance$2fast$3(OCoLC)fst00976945 608 $aPeriodicals.$2fast 608 $aPeriodicals.$2lcgft 615 0$aInternational business enterprises$xFinance. 615 0$aInternational finance 615 6$aEntreprises multinationales$xFinances 615 6$aFinances internationales 615 7$aInternational business enterprises$xFinance. 615 7$aInternational finance. 676 $a332/.042/05 906 $aJOURNAL 912 $a996211254703316 920 $aexl_impl conversion 996 $aGlobal finance$92139568 997 $aUNISA